000 00584nam a22002177a 4500
003 UA-OsUOA
001 117426
007 ta
008 20160523b un ||||| |||| 00| 0 ukr d
100 _aРябініна Л.М.
090 _a330(477)
_bР98
942 _cSA
040 _aUA-OsUOA
_bukr
_cUA-OsUOA
_dUA-OsUOA
245 _aКредитна експансія та її вплив на економіку України
300 _aС.41-52
955 _a0
041 _aukr
080 _a330(477)
773 0 _w117424
650 7 _a330 Економіка взагалі
_2UDC
999 _c403455
_d403455